000 00566nam a2200181Ia 4500
003 GCL
008 140319s9999 xx 000 0 ara d
040 _aGCL /
_cGCL
082 0 4 _a229.3
_bا د
100 1 _aعبدالحميد كشك
245 1 0 _aالدعاء المستجاب من الحديث والكتاب /
_cعبدالحميد كشك
260 _a[S.N] :
_bالمختار الاسلامى للطبع والنشر والتوزيع ،
_c1993
300 _a95 ص
490 _a
650 0 4 _aالاسلام
650 0 4 _aالادعية
942 _2ddc
_cBK
999 _c53448
_d53448